[Event "24th Abu Dhabi Masters"]
[Site "Abu Dhabi UAE"]
[Date "2017.08.22"]
[Round "9.21"]
[White "Idani, Pouya"]
[Black "Jonkman, Harmen"]
[Result "1/2-1/2"]
[WhiteTitle "GM"]
[BlackTitle "GM"]
[WhiteElo "2569"]
[BlackElo "2402"]
[WhiteFideId "12510130"]
[BlackFideId "1002708"]
[EventDate "2017.08.14"]

1. e4 e5 2. Nf3 Nc6 3. Bb5 Nf6 4. d3 d6 5. O-O Be7 6. c3 O-O 7. Re1 Bd7 8. Ba4
Re8 9. d4 Bf8 10. Nbd2 g6 11. h3 Bh6 12. Bc2 Kh8 13. Nf1 Bxc1 14. Rxc1 Ng8 15.
Qd2 Qe7 16. Ne3 Rac8 17. Rcd1 f6 18. b4 Qg7 19. c4 Red8 20. Qc3 g5 21. b5 Nce7
22. Qd2 Nh6 23. Nh2 Ng6 24. Nhg4 Nf4 25. f3 Ne6 26. Nxh6 Qxh6 27. Nf5 Qf8 28. a4
Ng7 29. Nxg7 Kxg7 30. Qf2 b6 31. Rd3 Be6 32. d5 Bd7 33. a5 Kf7 34. Ra3 h5 35.
Rea1 Qh6 36. axb6 axb6 37. Bd1 Rg8 38. g4 hxg4 39. fxg4 Rh8 40. Be2 Qg6 41. Qe3
Rb8 42. Ra7 Rhc8 43. R1a6 Ke7 44. Bf1 Qh7 45. Bg2 Qh4 46. Ra1 Qh8 47. Qa3 Qh4
48. Qb2 Qh8 49. R1a3 Qh4 50. Qc3 Qh8 51. Qe1 Ra8 52. Qa1 Rab8 53. Ra2 Qh4 54.
R7a3 Qh8 55. Qe1 Ra8 56. Qa1 Rab8 1/2-1/2

[Event "24th Abu Dhabi Masters"]
[Site "Abu Dhabi UAE"]
[Date "2017.08.22"]
[Round "9.22"]
[White "Bernadskiy, Vitaliy"]
[Black "Suleymanli, Aydin"]
[Result "1-0"]
[WhiteTitle "GM"]
[BlackTitle "CM"]
[WhiteElo "2562"]
[BlackElo "2328"]
[WhiteFideId "14100371"]
[BlackFideId "13413937"]
[EventDate "2017.08.14"]

1. e4 e6 2. d4 d5 3. Nd2 a6 4. c3 c5 5. dxc5 Bxc5 6. Bd3 Nc6 7. Ngf3 Nge7 8. O-O
Qc7 9. exd5 Nxd5 10. Ne4 Be7 11. c4 Nf4 12. Bb1 O-O 13. c5 Rd8 14. Nd6 Bxd6 15.
cxd6 Qxd6 16. Qxd6 Ne2+ 17. Kh1 Rxd6 18. Be3 e5 19. Ng5 f5 20. a3 Ned4 21. Ba2+
Kf8 22. f4 e4 23. Rfd1 Ke7 24. Rac1 Be6 25. Nxe6 Nxe6 26. Rxd6 Kxd6 27. g4 Rf8
28. gxf5 Rxf5 29. Bb1 Nxf4 30. Bxe4 Rf6 31. Bxh7 Ne5 32. Be4 Rf7 33. Rf1 Ne6 34.
Rxf7 Nxf7 35. Bxb7 a5 36. Bd2 Nc5 37. Bf3 Ne5 38. Be2 a4 39. Bb5 Kd5 40. Bc3 g6
41. Kg2 Ke4 42. h3 Ned3 43. Kg3 Ke3 44. Bg7 Ne4+ 45. Kh2 Ndc5 46. Kg2 g5 47. Be5
Nd2 48. Kg3 Nde4+ 49. Kg2 Nd2 50. Bc7 Nde4 51. Bb6 Kf4 52. Kf1 Kg3 53. Ke2 Ne6
54. Bxa4 Nf4+ 55. Ke3 Nd5+ 56. Kxe4 Nxb6 57. Bb5 Kxh3 58. Kd4 g4 59. Kc5 Nc8 60.
Bd7 1-0

[Event "24th Abu Dhabi Masters"]
[Site "Abu Dhabi UAE"]
[Date "2017.08.22"]
[Round "9.23"]
[White "Harika, Dronavalli"]
[Black "Eggleston, David J"]
[Result "1-0"]
[WhiteTitle "GM"]
[BlackTitle "IM"]
[WhiteElo "2526"]
[BlackElo "2380"]
[WhiteFideId "5015197"]
[BlackFideId "412120"]
[EventDate "2017.08.14"]

1. c4 Nf6 2. g3 e6 3. Bg2 d5 4. Nf3 Be7 5. O-O O-O 6. d4 dxc4 7. Qc2 a6 8. a4
Bd7 9. Qxc4 Bc6 10. Bg5 Bd5 11. Qc2 Be4 12. Qd1 c5 13. dxc5 Bxc5 14. Nbd2 Bc6
15. Ne5 Bxg2 16. Kxg2 Nc6 17. Bxf6 gxf6 18. Nxc6 Qd5+ 19. e4 Qxc6 20. Rc1 a5 21.
Qg4+ Kh8 22. Qf3 Kg7 23. Nb3 b6 24. Rc4 Rad8 25. Rfc1 Qb7 26. Nxc5 bxc5 27. Rxc5
Qxb2 28. R1c3 Rd2 29. Qg4+ Kh8 30. Qf4 Kg7 31. Rf3 h6 32. Rh5 Rh8 33. Qg4+ Kh7
34. Rb5 Qd4 35. Rb7 Rf8 36. Qxe6 Kg7 37. Qg4+ Kh7 38. Qf5+ Kg7 39. Rb5 Ra2 40.
Rf4 Qd6 41. Rd5 Qc6 42. Rg4+ Kh8 43. Rh4 1-0

[Event "24th Abu Dhabi Masters"]
[Site "Abu Dhabi UAE"]
[Date "2017.08.22"]
[Round "9.24"]
[White "Sangma, Rahul"]
[Black "Neelotpal, Das"]
[Result "0-1"]
[WhiteTitle "IM"]
[BlackTitle "GM"]
[WhiteElo "2325"]
[BlackElo "2441"]
[WhiteFideId "5013615"]
[BlackFideId "5003512"]
[EventDate "2017.08.14"]

1. Nf3 Nf6 2. c4 b6 3. g3 Bb7 4. Bg2 g6 5. b3 Bg7 6. Bb2 c5 7. O-O O-O 8. Nc3 e6
9. d4 d5 10. dxc5 bxc5 11. cxd5 exd5 12. Na4 Na6 13. Rc1 Rc8 14. Bh3 Rc7 15. e3
Qe7 16. Re1 Ne4 17. Bxg7 Kxg7 18. Qe2 Qf6 19. Bg2 Nb4 20. Nd2 Nd3 21. f3 Ba6 22.
Rc2 Nb4 23. Qd1 Nxc2 24. Qxc2 Nxd2 25. Qxd2 c4 26. Nc3 cxb3 27. Nxd5 Rc2 28.
Qxc2 bxc2 29. Nxf6 Rb8 0-1

[Event "24th Abu Dhabi Masters"]
[Site "Abu Dhabi UAE"]
[Date "2017.08.22"]
[Round "9.25"]
[White "Deac, Bogdan-Daniel"]
[Black "Pazos Porta, Antonio"]
[Result "1/2-1/2"]
[WhiteTitle "GM"]
[BlackTitle "FM"]
[WhiteElo "2573"]
[BlackElo "2325"]
[WhiteFideId "1226380"]
[BlackFideId "2263190"]
[EventDate "2017.08.14"]

1. d4 Nf6 2. Bf4 g6 3. Nc3 d5 4. e3 Bg7 5. h4 c6 6. Be2 h5 7. Nf3 Bg4 8. Ne5
Bxe2 9. Qxe2 Nbd7 10. O-O-O Nf8 11. Nd3 Ne6 12. Be5 Qa5 13. f3 O-O-O 14. Kb1 Nd7
15. Bh2 Nb6 16. Nc1 Na4 17. Nxa4 Qxa4 18. Rd3 Qa6 19. Qd2 b6 20. Ra3 Qb7 21. Nd3
Nc7 22. Ne5 Bxe5 23. Bxe5 Rhe8 24. Rd3 f6 25. Bg3 e5 26. dxe5 fxe5 27. e4 dxe4
28. fxe4 c5 29. Rxd8+ Rxd8 30. Qe3 Nb5 31. Bxe5 Re8 32. Rd1 Qe7 33. Qh3+ Qe6 34.
Qxe6+ Rxe6 35. Rd5 Nc7 36. Bxc7 Kxc7 37. e5 g5 38. hxg5 Rg6 39. Rd2 Rxg5 40. e6
Re5 41. Rd7+ Kb8 42. b4 Rxe6 43. bxc5 b5 44. Kb2 Rg6 45. Rh7 Rxg2 46. Kb3 Rg4
47. Rxh5 Rc4 48. c3 a6 49. a3 Kb7 50. Rh7+ Kb8 51. Rh6 Kb7 52. Rh7+ Kb8 1/2-1/2

[Event "24th Abu Dhabi Masters"]
[Site "Abu Dhabi UAE"]
[Date "2017.08.22"]
[Round "9.26"]
[White "Maghsoodloo, Parham"]
[Black "Hedman, Erik"]
[Result "1/2-1/2"]
[WhiteTitle "GM"]
[BlackTitle "FM"]
[WhiteElo "2590"]
[BlackElo "2376"]
[WhiteFideId "12539929"]
[BlackFideId "1702351"]
[EventDate "2017.08.14"]

1. Nf3 c5 2. g3 g6 3. Bg2 Bg7 4. O-O Nf6 5. d3 O-O 6. Nbd2 Nc6 7. e4 d6 8. h3
Bd7 9. Re1 Rc8 10. a4 Qc7 11. Nc4 Ne5 12. Nfxe5 dxe5 13. c3 Be6 14. Be3 Rfd8 15.
Qc2 b6 16. b3 Nd7 17. Rad1 Nb8 18. Bc1 Bxc4 19. bxc4 Qc6 20. h4 Rd6 21. Be3 Rcd8
22. Bf1 Qc7 23. a5 bxa5 24. Ra1 Ra6 25. Reb1 e6 26. Rb5 Bf8 27. Ra4 Nc6 28. Bxc5
Bxc5 29. Rxc5 Qb7 30. Ra2 Rb6 31. Qa4 a6 32. Be2 Qd7 33. Kg2 Qd6 34. Qa3 Qf8 35.
Ra1 h5 36. f4 Rb3 37. Qxb3 Qxc5 38. Qc2 exf4 39. gxf4 e5 40. Qc1 Qe7 41. fxe5
Nxe5 42. Qe3 Qxh4 43. Rxa5 Ng4 44. Qf4 Qe1 45. Bxg4 hxg4 46. Rd5 Rxd5 47. exd5 1/2-1/2

[Event "24th Abu Dhabi Masters"]
[Site "Abu Dhabi UAE"]
[Date "2017.08.22"]
[Round "9.27"]
[White "Raetsky, Alexander"]
[Black "Sviridov, Valery"]
[Result "0-1"]
[WhiteTitle "GM"]
[WhiteElo "2381"]
[BlackElo "2519"]
[WhiteFideId "4103203"]
[BlackFideId "4120680"]
[EventDate "2017.08.14"]

1. d4 g6 2. e4 Bg7 3. Nf3 d6 4. Be2 Nf6 5. Nc3 O-O 6. O-O a6 7. h3 b5 8. e5 Nfd7
9. Re1 Nc6 10. e6 fxe6 11. d5 Nce5 12. Ng5 Nb6 13. Nxe6 Bxe6 14. dxe6 d5 15. a4
c6 16. a5 Nc8 17. Be3 Nd6 18. Bd4 Nf5 19. Bc5 Qc8 20. Bg4 Nc4 21. Qc1 Qc7 22.
Nd1 Nxa5 23. Bxf5 Rxf5 24. Ne3 Rff8 25. Qd2 Nb7 26. Bd4 Bxd4 27. Qxd4 Qf4 28.
Qb6 Nd8 29. Ng4 Qd6 30. Rxa6 Rxa6 31. Qxa6 Nxe6 32. Qa7 c5 33. Ne5 Ng5 34. Ng4
Ne6 35. Ra1 Nc7 36. Qb7 Rf4 37. Ra7 Ra4 38. Rxa4 bxa4 39. Qa7 h5 40. Nh2 Qc6 41.
Nf3 Kg7 42. Ne5 Qd6 43. f4 g5 44. Qxa4 c4 45. g3 h4 46. Qa7 gxf4 47. gxf4 d4 48.
Kf1 Ne6 49. Nxc4 Qxf4+ 50. Ke2 Qe4+ 51. Kd2 Nf4 52. b3 Nxh3 53. Qd7 Ng5 54. Qc7
Nf3+ 55. Kc1 Qe1+ 56. Kb2 h3 57. Qf4 h2 58. Qg4+ Kh6 59. Qf4+ Kg6 60. Qg4+ Ng5
61. Qxd4 h1=Q 62. Ne5+ Kf5 0-1

[Event "24th Abu Dhabi Masters"]
[Site "Abu Dhabi UAE"]
[Date "2017.08.22"]
[Round "9.28"]
[White "Saravana, Krishnan P."]
[Black "Illingworth, Max"]
[Result "0-1"]
[BlackTitle "GM"]
[WhiteElo "2378"]
[BlackElo "2506"]
[WhiteFideId "5018382"]
[BlackFideId "3205207"]
[EventDate "2017.08.14"]

1. e4 c5 2. Nf3 Nf6 3. e5 Nd5 4. Nc3 Nxc3 5. dxc3 Nc6 6. Bf4 Qb6 7. Rb1 h6 8. h4
Qc7 9. Qd2 e6 10. Be2 b6 11. b4 Bb7 12. b5 Ne7 13. O-O Nd5 14. Bg3 c4 15. Rfd1
Rc8 16. Qe1 Qc5 17. Nd4 Qa3 18. Bf3 Rc7 19. Bxd5 Bxd5 20. Nf5 Ba8 21. Nd6+ Bxd6
22. exd6 Rc5 23. Rb4 O-O 24. Rdb1 f6 25. Bf4 Qxa2 26. Qc1 a5 27. bxa6 Qxa6 28.
Rxb6 Qa5 29. Qe3 Rh5 30. Bg3 Qf5 31. Qd4 Qxc2 32. Qxc4 Qe4 33. Qxe4 Bxe4 34.
R1b4 Bc6 35. c4 Ra5 36. f3 Rc8 37. Bf2 g5 38. h5 Kf7 39. Rb8 Rxb8 40. Rxb8 Ra4
41. c5 g4 42. Rb3 gxf3 43. gxf3 Rf4 44. Kg2 Rf5 45. Kg3 Rxh5 46. Be3 Kg6 47. Rb8
Rd5 48. Rg8+ Kh7 49. Rg4 h5 50. Rc4 Kg6 51. Rb4 Rd1 52. Rb2 e5 53. Rg2 Kf5 54.
Rh2 Rf1 55. Bf2 Kg5 56. Be3+ Kg6 57. Rf2 Rg1+ 58. Rg2 h4+ 59. Kh3+ Rxg2 60. Kxg2
f5 61. Bg1 f4 62. Kf2 h3 63. Ke2 Kf5 64. Kf2 Ke6 65. Ke2 Kd5 66. Kd3 Bb5+ 67.
Kd2 Kc4 68. Ke1 Kd3 69. Kf2 Bc6 70. Bh2 Kd4 71. Ke2 0-1

[Event "24th Abu Dhabi Masters"]
[Site "Abu Dhabi UAE"]
[Date "2017.08.22"]
[Round "9.29"]
[White "Bellia, Fabrizio"]
[Black "Teh, Eu Wen Aron"]
[Result "1/2-1/2"]
[WhiteTitle "IM"]
[BlackTitle "FM"]
[WhiteElo "2444"]
[BlackElo "2276"]
[WhiteFideId "800511"]
[BlackFideId "5704723"]
[EventDate "2017.08.14"]

1. e4 e5 2. Nf3 Nc6 3. Bb5 Nf6 4. d3 Bc5 5. Bxc6 dxc6 6. O-O Bg4 7. h3 Bxf3 8.
Qxf3 Nd7 9. Nd2 Qe7 10. Nc4 O-O-O 11. c3 Kb8 12. b4 Bd6 13. a4 Nf8 14. b5 c5 15.
a5 f6 16. Be3 Ne6 17. Rfb1 g5 18. Rb3 h5 19. Qd1 Rdg8 20. b6 cxb6 21. a6 g4 22.
h4 g3 23. f3 f5 24. exf5 Nf4 25. Ra2 Bc7 26. axb7 Qxh4 27. Rbb2 Rd8 28. Qa1 Nxd3
29. Rxa7 Nxb2 30. Ra8+ Kxb7 31. Ra7+ Kb8 32. Ra8+ Kb7 33. Ra7+ Kb8 1/2-1/2

[Event "24th Abu Dhabi Masters"]
[Site "Abu Dhabi UAE"]
[Date "2017.08.22"]
[Round "9.30"]
[White "Vantika, Agrawal"]
[Black "Raja, Harshit"]
[Result "1-0"]
[WhiteElo "2238"]
[BlackElo "2434"]
[WhiteFideId "25050389"]
[BlackFideId "5089000"]
[EventDate "2017.08.14"]

1. Nf3 Nf6 2. g3 g6 3. Bg2 Bg7 4. O-O d5 5. d4 c6 6. b3 O-O 7. Bb2 a5 8. c4 Nbd7
9. cxd5 cxd5 10. Nc3 Nb6 11. a4 Ne4 12. e3 Nxc3 13. Bxc3 Nd7 14. b4 axb4 15.
Bxb4 Re8 16. Qb3 Nb8 17. Ne5 e6 18. Rfc1 f6 19. Nd3 Nc6 20. Bc5 Na5 21. Qb4 Ra6
22. Nb2 Rc6 23. Qa3 b6 24. Bb4 Qc7 25. Rxc6 Qxc6 26. Bf1 Bd7 27. Bb5 Qc8 28. Qc3
Qxc3 29. Bxc3 Nc6 30. Rc1 Rc8 31. Bd2 e5 32. dxe5 fxe5 33. Nd3 Bf8 34. Kg2 Bd6
35. f3 Kf8 36. e4 dxe4 37. fxe4 Ke7 38. Bg5+ Ke8 39. Be3 Na7 40. Bxd7+ Kxd7 41.
Bxb6 Nc6 42. Nc5+ Ke8 43. Nb3 Kd7 44. a5 Ra8 45. Nc5+ Kc8 46. Nb3 Kd7 47. Rd1
Ke6 48. Nc5+ Bxc5 49. Bxc5 Nxa5 50. Ra1 Nb3 51. Rxa8 Nxc5 52. Kf3 Kf6 53. Rf8+
Kg7 54. Rc8 Ne6 55. Ke3 h5 56. Kd3 Nd4 57. Kc4 Nf3 58. Kd5 Nxh2 59. Kxe5 Nf1 60.
Kf4 Kh6 61. Rc6 Nh2 62. e5 Ng4 63. e6 Nf6 64. Ke5 Ng8 65. Rc7 Kg5 66. Rf7 Nh6
67. Rf8 1-0

[Event "24th Abu Dhabi Masters"]
[Site "Abu Dhabi UAE"]
[Date "2017.08.22"]
[Round "9.31"]
[White "Phadke, Sohan"]
[Black "Fernandez Borrego, Pablo"]
[Result "1-0"]
[WhiteTitle "FM"]
[BlackTitle "FM"]
[WhiteElo "2111"]
[BlackElo "2427"]
[WhiteFideId "5016223"]
[BlackFideId "2258285"]
[EventDate "2017.08.14"]

1. d4 Nf6 2. Bf4 g6 3. Nc3 d5 4. e3 Bg7 5. h4 a6 6. Be2 h6 7. Nf3 Be6 8. Ne5
Nbd7 9. Nxd7 Qxd7 10. Be5 h5 11. a4 b6 12. a5 b5 13. Na2 O-O 14. Nb4 Ne4 15.
Bxg7 Kxg7 16. Nd3 Qd6 17. Bf3 Bf5 18. g4 hxg4 19. Bxg4 Qf6 20. Qf3 Bxg4 21. Qxg4
Rh8 22. Ke2 Rh6 23. h5 Qc6 24. c3 Qc4 25. hxg6 Rxg6 26. Qf5 Rg8 27. Rag1 Qb3 28.
Rh7+ Kxh7 29. Qxf7+ R8g7 30. Rh1+ Rh6 31. Qf5+ Kg8 32. Qc8+ Kf7 33. Ne5+ Kf6 34.
Rxh6+ Kg5 35. Qg4+ Kxh6 36. Qh4# 1-0

[Event "24th Abu Dhabi Masters"]
[Site "Abu Dhabi UAE"]
[Date "2017.08.22"]
[Round "9.32"]
[White "Asgarizadeh, Ahmad"]
[Black "Arjun, Kalyan"]
[Result "1/2-1/2"]
[WhiteTitle "IM"]
[WhiteElo "2423"]
[BlackElo "2366"]
[WhiteFideId "12505684"]
[BlackFideId "35018701"]
[EventDate "2017.08.14"]

1. e4 e6 2. d4 d5 3. Nc3 Bb4 4. e5 c5 5. a3 Ba5 6. b4 cxd4 7. Qg4 Kf8 8. Nb5 Bb6
9. Nf3 Nc6 10. Bb2 f6 11. Nbxd4 Nxe5 12. Nxe5 fxe5 13. Nxe6+ Bxe6 14. Qxe6 Qf6
15. Qxf6+ gxf6 16. c4 Kg7 17. cxd5 Ne7 18. Bc4 Rac8 19. Bb3 Rhd8 20. Rd1 Nxd5
21. Bxd5 Rc2 22. Ba1 Bxf2+ 23. Kf1 e4 24. g3 Bb6 25. Ke1 Bf2+ 26. Kf1 Bb6 27.
Ke1 1/2-1/2

[Event "24th Abu Dhabi Masters"]
[Site "Abu Dhabi UAE"]
[Date "2017.08.22"]
[Round "9.33"]
[White "Raghunandan, Kaumandur Srihari"]
[Black "Saurabh, Anand"]
[Result "1-0"]
[WhiteTitle "IM"]
[WhiteElo "2398"]
[BlackElo "2332"]
[WhiteFideId "25004964"]
[BlackFideId "5094496"]
[EventDate "2017.08.14"]

1. Nf3 d5 2. d4 Nf6 3. c4 c6 4. Nc3 e6 5. g3 dxc4 6. Bg2 b5 7. O-O Bb7 8. Ne5
Nd5 9. e4 Nxc3 10. bxc3 Nd7 11. f4 Be7 12. Rb1 O-O 13. Nxc4 c5 14. d5 exd5 15.
exd5 bxc4 16. Rxb7 Nb6 17. d6 Bxd6 18. Be4 Qf6 19. Qf3 Na4 20. Bc6 Nxc3 21. Bb2
Rab8 22. Bxc3 Qh6 23. Rxa7 Rbd8 24. Bd5 1-0

[Event "24th Abu Dhabi Masters"]
[Site "Abu Dhabi UAE"]
[Date "2017.08.22"]
[Round "9.34"]
[White "Davtyan, Artur"]
[Black "Karavade, Eesha"]
[Result "1/2-1/2"]
[WhiteTitle "FM"]
[BlackTitle "IM"]
[WhiteElo "2298"]
[BlackElo "2397"]
[WhiteFideId "13308327"]
[BlackFideId "5012600"]
[EventDate "2017.08.14"]

1. d4 e6 2. Nf3 Nf6 3. c4 d5 4. Nc3 Bb4 5. cxd5 exd5 6. Bg5 h6 7. Bxf6 Qxf6 8.
Qb3 c5 9. a3 Bxc3+ 10. Qxc3 Nd7 11. e3 O-O 12. Rc1 b6 13. Bb5 c4 14. b3 a6 15.
Bxd7 Bxd7 16. Ne5 Be6 17. O-O b5 18. bxc4 bxc4 19. Rb1 Rfb8 20. Qa5 Rxb1 21.
Rxb1 Qf5 22. Rb6 Qc2 23. h3 Kh7 24. g4 h5 25. Kg2 Qe4+ 26. Kg3 Qh1 27. Nf3 hxg4
28. hxg4 Re8 29. Qa4 Re7 30. Qb4 Re8 31. Qa4 Re7 32. Qb4 Re8 33. Qa4 1/2-1/2

[Event "24th Abu Dhabi Masters"]
[Site "Abu Dhabi UAE"]
[Date "2017.08.22"]
[Round "9.35"]
[White "Tania, Sachdev"]
[Black "Aditya, Mittal"]
[Result "1/2-1/2"]
[WhiteTitle "IM"]
[BlackTitle "CM"]
[WhiteElo "2392"]
[BlackElo "2236"]
[WhiteFideId "5007844"]
[BlackFideId "35042025"]
[EventDate "2017.08.14"]

1. d4 d5 2. c4 c6 3. Nf3 Nf6 4. Nc3 e6 5. g3 Nbd7 6. Bg2 Be7 7. O-O O-O 8. Qd3
b6 9. e4 Ba6 10. b3 dxc4 11. bxc4 e5 12. d5 Rc8 13. dxc6 Rxc6 14. Nb5 Qb8 15.
Bb2 Bb7 16. Rac1 a6 17. Nc3 Bd6 18. Rfd1 Nc5 19. Qe2 Rcc8 20. Nd2 Rcd8 21. Nd5
Nxd5 22. cxd5 Na4 23. Ba1 b5 24. Nb3 Bc7 25. Qh5 Rfe8 26. Rf1 Bc8 27. Kh1 Bd7
28. f4 f6 29. fxe5 Bxe5 30. Nd4 Nb6 31. Nc6 Bxc6 32. Rxc6 Nc4 33. Bh3 Bxa1 34.
Rxa1 Qe5 35. Qxe5 Rxe5 36. Be6+ Kh8 37. Rxa6 Rxe4 38. Rb1 Nd2 39. Rxb5 Re1+ 40.
Kg2 Re2+ 41. Kh3 Nf3 42. g4 Ng5+ 43. Kg3 Nxe6 44. Rxe6 Rxa2 45. Re7 h5 46. gxh5
Rd2 47. h6 R2xd5 48. hxg7+ Kg8 49. Rbb7 Rd3+ 50. Kf4 R8d4+ 51. Re4 Rxe4+ 52.
Kxe4 Rh3 53. Kf5 Rxh2 54. Kg6 Rg2+ 55. Kxf6 Rg6+ 56. Kxg6 1/2-1/2

[Event "24th Abu Dhabi Masters"]
[Site "Abu Dhabi UAE"]
[Date "2017.08.22"]
[Round "9.36"]
[White "Nguyen, Anh Khoi"]
[Black "Mahalakshmi, M"]
[Result "1-0"]
[WhiteTitle "IM"]
[BlackTitle "WIM"]
[WhiteElo "2444"]
[BlackElo "2140"]
[WhiteFideId "12404675"]
[BlackFideId "5001080"]
[EventDate "2017.08.14"]

1. d4 Nf6 2. c4 Nc6 3. Nf3 d6 4. Nc3 e5 5. Bg5 h6 6. Bh4 exd4 7. Nxd4 g5 8. Bg3
Bg7 9. e3 O-O 10. Nxc6 bxc6 11. Rc1 Rb8 12. b3 Re8 13. Be2 Bf5 14. O-O Qe7 15.
Re1 a5 16. Bd3 Bd7 17. c5 dxc5 18. Na4 Nd5 19. Bc4 Be6 20. Bxd5 Bxd5 21. e4 Be6
22. Nxc5 Rb4 23. Qc2 Bc8 24. f3 Rd8 25. Bf2 Rb8 26. Red1 Rd6 27. Na4 Ba6 28. Bc5
Rxd1+ 29. Rxd1 Qe8 30. Bd4 Bxd4+ 31. Rxd4 Rd8 32. Qd2 Rxd4 33. Qxd4 Qe7 34. Nc5
Bc8 35. e5 f6 36. Nd3 fxe5 37. Nxe5 c5 38. Qd5+ Kg7 39. Kf2 Qf8 40. Nc4 Qf4 41.
Qxc5 Ba6 42. g3 Qf7 43. Ne5 Qf5 44. Qxc7+ Kg8 45. g4 Qf4 46. Qd8+ Kg7 47. Qe7+
Kg8 48. Qe6+ Kg7 49. Qg6+ Kf8 50. Qxh6+ Ke8 51. Qe6+ 1-0

[Event "24th Abu Dhabi Masters"]
[Site "Abu Dhabi UAE"]
[Date "2017.08.22"]
[Round "9.37"]
[White "Vogt, Lothar"]
[Black "Stegariu, Vlad-Ionut"]
[Result "1/2-1/2"]
[WhiteTitle "GM"]
[WhiteElo "2420"]
[BlackElo "2244"]
[WhiteFideId "4611292"]
[BlackFideId "1217860"]
[EventDate "2017.08.14"]

1. e4 e5 2. Nf3 Nc6 3. Bb5 a6 4. Ba4 Nf6 5. d4 Nxe4 6. O-O b5 7. Bb3 d5 8. dxe5
Be6 9. Nbd2 Nc5 10. c3 Nxb3 11. Nxb3 Be7 12. h3 O-O 13. Be3 f6 14. Nbd4 Qd7 15.
Nxc6 Qxc6 16. Nd4 Qd7 17. Nxe6 Qxe6 18. exf6 Bxf6 19. Bc5 Rfe8 20. a4 Qc6 21.
Be3 Rab8 22. axb5 Rxb5 23. Qa4 Re6 24. Ra2 Re4 25. Qc2 a5 26. Qd2 a4 27. Rfa1
Rb8 28. Qd1 Rc4 29. g3 1/2-1/2

[Event "24th Abu Dhabi Masters"]
[Site "Abu Dhabi UAE"]
[Date "2017.08.22"]
[Round "9.38"]
[White "Pujari, Rucha"]
[Black "Jeet, Jain"]
[Result "0-1"]
[WhiteTitle "WIM"]
[WhiteElo "2153"]
[BlackElo "2361"]
[WhiteFideId "5024528"]
[BlackFideId "5073022"]
[EventDate "2017.08.14"]

1. d4 d5 2. c4 e6 3. Nf3 Nf6 4. Nc3 Be7 5. Bf4 O-O 6. e3 b6 7. Bd3 Bb7 8. cxd5
exd5 9. O-O c5 10. Rc1 Nc6 11. Qa4 c4 12. Bb1 a6 13. Qc2 b5 14. Rfd1 b4 15. Na4
g6 16. b3 c3 17. Ne5 a5 18. f3 Nh5 19. Bh6 Re8 20. g4 Nxe5 21. dxe5 Bg5 22. gxh5
Bxh6 23. f4 Qc8 24. Qe2 Qh3 25. Rd3 Ba6 26. Nc5 Bxd3 27. Nxd3 Rad8 28. hxg6 hxg6
29. Nf2 Qh5 30. Ng4 Kh8 31. Qg2 Re6 32. Rd1 d4 33. Bc2 Qh4 34. Qg3 Qxg3+ 35.
hxg3 d3 36. Rxd3 Rxd3 37. Bxd3 c2 38. Bxc2 Rc6 39. Bd3 Bf8 40. Kf2 Rc1 41. Nf6
Be7 42. Ne4 Ra1 43. Bc4 Rxa2+ 44. Kf3 Kg7 45. g4 Rc2 46. Bb5 f6 47. e6 Rb2 48.
Bc4 g5 49. f5 Kf8 50. Nf2 Rc2 51. Bb5 Bc5 52. Ne4 Ke7 53. Nxc5 Rxc5 54. Ba4 Rc1
55. Ke4 Rg1 56. Kf3 Ra1 57. Ke4 Rb1 58. Kf3 Kd6 59. Ke4 Ra1 60. Bb5 Ra2 61. Ba4
Rh2 62. Bb5 Rh3 63. Kd4 Rg3 64. Be2 a4 65. bxa4 b3 66. Bd3 b2 67. a5 Rg1 68. e4
Rd1 69. Kc3 Rxd3+ 70. Kxb2 Re3 71. a6 Rh3 72. a7 Rh8 73. Kc3 Ra8 74. Kd4 Rxa7
75. Ke3 Ra3+ 76. Kf2 Ke5 0-1

[Event "24th Abu Dhabi Masters"]
[Site "Abu Dhabi UAE"]
[Date "2017.08.22"]
[Round "9.39"]
[White "Kumar, Gaurav"]
[Black "Sadhwani, Raunak"]
[Result "1-0"]
[BlackTitle "FM"]
[WhiteElo "2210"]
[BlackElo "2359"]
[WhiteFideId "5085578"]
[BlackFideId "35093487"]
[EventDate "2017.08.14"]

1. e4 c6 2. d4 d5 3. Nd2 dxe4 4. Nxe4 Bf5 5. Ng3 Bg6 6. h4 h6 7. Nf3 Nd7 8. h5
Bh7 9. Bd3 Bxd3 10. Qxd3 e6 11. Bd2 Ngf6 12. O-O-O Be7 13. Kb1 O-O 14. Ne4 Nxe4
15. Qxe4 Nf6 16. Qe2 Qd5 17. Be3 Qb5 18. c4 Qf5+ 19. Ka1 c5 20. Nh4 Qh7 21. d5
exd5 22. cxd5 Rad8 23. Bxh6 Nxd5 24. Bxg7 Kxg7 25. Qg4+ Kf6 26. Rh3 Ke5 27. Re3+
Kd6 28. Rxd5+ Kxd5 29. Qf3+ Kd6 30. Nf5+ Kc7 31. Rxe7+ Rd7 32. Qf4+ Kc6 33. Rxd7 1-0

[Event "24th Abu Dhabi Masters"]
[Site "Abu Dhabi UAE"]
[Date "2017.08.22"]
[Round "9.40"]
[White "Ayyad, Husain"]
[Black "Gu, Xiaobing"]
[Result "1-0"]
[WhiteTitle "FM"]
[BlackTitle "WGM"]
[WhiteElo "2208"]
[BlackElo "2347"]
[WhiteFideId "11200243"]
[BlackFideId "8602611"]
[EventDate "2017.08.14"]

1. e4 c5 2. Nf3 d6 3. d4 cxd4 4. Qxd4 Nc6 5. Bb5 Bd7 6. Bxc6 Bxc6 7. Nc3 Nf6 8.
Bg5 e6 9. O-O-O Be7 10. Qd3 Qa5 11. Kb1 O-O 12. h4 Rab8 13. Nd4 Bd7 14. f4 Rfd8
15. Qe2 Rbc8 16. e5 dxe5 17. fxe5 Rxc3 18. exf6 Ba3 19. Nb3 Rxb3 20. axb3 h6 21.
fxg7 hxg5 22. bxa3 Kxg7 23. Qd2 Qc7 24. Qxg5+ Kf8 25. Qh6+ Ke8 26. Rhf1 Rc8 27.
Qh8+ 1-0

[Event "24th Abu Dhabi Masters"]
[Site "Abu Dhabi UAE"]
[Date "2017.08.22"]
[Round "9.41"]
[White "Medarde Santiago, Luis Marcos"]
[Black "Mithil, Ajgaonkar"]
[Result "1-0"]
[WhiteTitle "FM"]
[WhiteElo "2332"]
[BlackElo "2224"]
[WhiteFideId "2263076"]
[BlackFideId "5017343"]
[EventDate "2017.08.14"]

1. e4 c6 2. d4 d5 3. e5 c5 4. c4 Nc6 5. Nf3 Bg4 6. cxd5 Bxf3 7. Qxf3 Nxd4 8. Qd1
Qxd5 9. Bb5+ Kd8 10. O-O e6 11. Nc3 Qxe5 12. Re1 Qd6 13. Qh5 g6 14. Qh4+ Be7 15.
Bg5 f6 16. Be3 f5 17. Qh3 Nf6 18. b4 b6 19. bxc5 bxc5 20. Bc4 e5 21. Rad1 Nd7
22. f4 e4 23. Nb5 Qb6 24. Nxd4 cxd4 25. Bxd4 Bc5 26. Qc3 Ke7 27. Be3 Bxe3+ 28.
Rxe3 Nf6 29. Qa3+ Ke8 30. Kh1 Rd8 31. Rxd8+ Qxd8 32. Bb5+ Kf7 33. Qxa7+ Qe7 34.
Bc4+ Kf8 35. Ra3 Nd7 36. Bb5 Qd6 37. h3 Nb6 38. Ra6 Qxf4 39. Qxb6 Qc1+ 40. Kh2
Qf4+ 41. Kg1 Qc1+ 42. Bf1 Kg7 43. Qf6+ Kh6 44. Qh4+ Kg7 45. Ra7+ Kg8 46. Qd8# 1-0

[Event "24th Abu Dhabi Masters"]
[Site "Abu Dhabi UAE"]
[Date "2017.08.22"]
[Round "9.42"]
[White "Ashwath, R."]
[Black "Alinasab, Mobina"]
[Result "1/2-1/2"]
[BlackTitle "WFM"]
[WhiteElo "2290"]
[BlackElo "2208"]
[WhiteFideId "5021049"]
[BlackFideId "12528897"]
[EventDate "2017.08.14"]

1. Nf3 Nf6 2. c4 e6 3. Nc3 c5 4. d4 cxd4 5. Nxd4 a6 6. a3 Qc7 7. e4 d6 8. Be2 b6
9. Be3 Bb7 10. f3 Nbd7 11. O-O Be7 12. a4 O-O 13. a5 Rfe8 14. Nb3 Rac8 15. axb6
Nxb6 16. Na5 Ba8 17. b4 Nbd7 18. b5 d5 19. bxa6 Bc5 20. Bxc5 Qxc5+ 21. Kh1 dxe4
22. Nb7 Bxb7 23. axb7 Rb8 24. Rb1 1/2-1/2